000
00285nam a22001097a 4500
008
170112b xxu||||| |||| 00| 0 eng d
020
_a
9780721644394
041
_a
eng
080
_a
618.2
245
_a
INSTRUCTOR'S MANUAL FOR UNDERSTANDING NURSING RESEARCH
_c
GROVE, S.K
942
_2
udc
_c
BK
999
_c
2772
_d
2772